| 000 | 00502nam a2200181Ia 4500 | ||
|---|---|---|---|
| 008 | 090123s9999 xx 000 0 und d | ||
| 082 |
_b11265 _a891.463/थोरे |
||
| 100 | _aथोरे अशोक | ||
| 245 | _aलालसा | ||
| 250 | _a1 | ||
| 260 |
_bदिलिपराज प्रकाशन _c1986 |
||
| 300 | _a230 | ||
| 600 | _aथोरे अशोक | ||
| 630 | _aलालसा | ||
| 700 | _aथोरे अशोक | ||
| 730 | _aलालसा | ||
| 942 | _cBOOK | ||
| 999 |
_c49328 _d49328 |
||